000 00796nam a2200229 i 4500
003 DO-SdBNP
005 20250203131406.0
007 ta
008 240408s1986 dr 000 0 spa d
040 _aDO-SdBNP
_bspa
_cBNPHU
_erda
082 4 _axxx
_bD632c
_222
100 1 _aDobal, Carlos,
_eautor
_4aut.
_953018
245 1 0 _aNuestra catedral :
_bla antigua iglesia parroquial mayor hoy Catedral de Santiago de los Caballeros /
_cCarlos Dobal
264 1 _aSantiago de los Caballeros, República Dominicana :
_bEditora Universidad Catolica Madre y Maestra,
_c1986.
300 _a175 páginas ;
_c22 cm.
336 _atexto
_btxt
_2rdacontent
337 _asin mediación
_bn
_2rdamedia
338 _avolumen
_bnc
_2rdacarrier
590 _aInventariado, 2024/ DG
910 _aDG
942 _2ddc
_cLBS1
999 _c56285
_d56285